<?xml version="1.0" encoding="UTF-8"?><?xml-stylesheet type="text/xsl" href="static/style.xsl"?><OAI-PMH xmlns="http://www.openarchives.org/OAI/2.0/" xmlns:xsi="http://www.w3.org/2001/XMLSchema-instance" xsi:schemaLocation="http://www.openarchives.org/OAI/2.0/ http://www.openarchives.org/OAI/2.0/OAI-PMH.xsd"><responseDate>2026-04-28T19:51:33Z</responseDate><request verb="GetRecord" identifier="oai:uvadoc.uva.es:10324/9040" metadataPrefix="marc">https://uvadoc.uva.es/oai/request</request><GetRecord><record><header><identifier>oai:uvadoc.uva.es:10324/9040</identifier><datestamp>2021-06-30T07:35:58Z</datestamp><setSpec>com_10324_6426</setSpec><setSpec>com_10324_5186</setSpec><setSpec>com_10324_29291</setSpec><setSpec>col_10324_6428</setSpec></header><metadata><record xmlns="http://www.loc.gov/MARC21/slim" xmlns:doc="http://www.lyncode.com/xoai" xmlns:xsi="http://www.w3.org/2001/XMLSchema-instance" xmlns:dcterms="http://purl.org/dc/terms/" xsi:schemaLocation="http://www.loc.gov/MARC21/slim http://www.loc.gov/standards/marcxml/schema/MARC21slim.xsd">
<leader>00925njm 22002777a 4500</leader>
<datafield tag="042" ind1=" " ind2=" ">
<subfield code="a">dc</subfield>
</datafield>
<datafield tag="720" ind1=" " ind2=" ">
<subfield code="a">Paliza Monduate, María Teresa</subfield>
<subfield code="e">author</subfield>
</datafield>
<datafield tag="260" ind1=" " ind2=" ">
<subfield code="c">2012</subfield>
</datafield>
<datafield tag="520" ind1=" " ind2=" ">
<subfield code="a">Este artículo saca a la luz una de las obras más relevantes de Daniel Zuloaga, el mural del vestíbulo de la casa de Tomás Allende en Bilbao, realizado en 1900, dentro de la etapa más importante de la carrera del ceramista. Hasta ahora permanecía inédito, de manera que su localización, tras ser instalado en otro inmueble, ha permitido estudiado en primicia con el apoyo de nueva documentación relativa a la propia obra y su accidentado devenir a lo largo del siglo XX.</subfield>
</datafield>
<datafield tag="520" ind1=" " ind2=" ">
<subfield code="a">This paper reports on one of the most relevant works of Daniel Zuloaga, namely, the mural in the vestibule of the house of Tomás Allende in Bilbao. This was done in 1900 during the most productive stage of the artist's career. To date the work has not been described, but now for the first time, after its transfer to another building, its localization has allowed it to be studied with the support of supplementary documentation concerning the work itself and its troubled history along the 20th century.</subfield>
</datafield>
<datafield tag="024" ind2=" " ind1="8">
<subfield code="a">BSAA Arte: Boletín del Seminario de Estudios de Arte, 2012, N.78, pags.237-260</subfield>
</datafield>
<datafield tag="024" ind2=" " ind1="8">
<subfield code="a">1888-9751</subfield>
</datafield>
<datafield tag="024" ind2=" " ind1="8">
<subfield code="a">http://uvadoc.uva.es/handle/10324/9040</subfield>
</datafield>
<datafield tag="024" ind2=" " ind1="8">
<subfield code="a">237</subfield>
</datafield>
<datafield tag="024" ind2=" " ind1="8">
<subfield code="a">78</subfield>
</datafield>
<datafield tag="024" ind2=" " ind1="8">
<subfield code="a">260</subfield>
</datafield>
<datafield tag="024" ind2=" " ind1="8">
<subfield code="a">BSAA Arte: Boletín del Seminario de Estudios de Arte</subfield>
</datafield>
<datafield ind1=" " ind2=" " tag="653">
<subfield code="a">Arte</subfield>
</datafield>
<datafield tag="245" ind1="0" ind2="0">
<subfield code="a">La cerámica aplicada en la decoración de interiores en torno a 1900: el mural de Daniel Zuloaga en la casa de Tomás Allende en Bilbao</subfield>
</datafield>
</record></metadata></record></GetRecord></OAI-PMH>